Complex, Intelligent, and Software Intensive Systems Proceedings of the 12th International Conference on Complex, Intelligent, and Software Intensive Systems (CISIS-2018) /

This book provides a platform of scientific interaction between the three challenging and closely linked areas of ICT-enabled-application research and development: software intensive systems, complex systems and intelligent systems. Software intensive systems strongly interact with other systems, se...

Full description

Bibliographic Details
Corporate Author: SpringerLink (Online service)
Other Authors: Barolli, Leonard (Editor, http://id.loc.gov/vocabulary/relators/edt), Javaid, Nadeem (Editor, http://id.loc.gov/vocabulary/relators/edt), Ikeda, Makoto (Editor, http://id.loc.gov/vocabulary/relators/edt), Takizawa, Makoto (Editor, http://id.loc.gov/vocabulary/relators/edt)
Format: Electronic eBook
Language:English
Published: Cham : Springer International Publishing : Imprint: Springer, 2019.
Edition:1st ed. 2019.
Series:Advances in Intelligent Systems and Computing, 772
Subjects:
Online Access:Full Text via HEAL-Link
LEADER 04432nam a2200505 4500
001 978-3-319-93659-8
003 DE-He213
005 20191022013043.0
007 cr nn 008mamaa
008 180618s2019 gw | s |||| 0|eng d
020 |a 9783319936598  |9 978-3-319-93659-8 
024 7 |a 10.1007/978-3-319-93659-8  |2 doi 
040 |d GrThAP 
050 4 |a Q342 
072 7 |a UYQ  |2 bicssc 
072 7 |a TEC009000  |2 bisacsh 
072 7 |a UYQ  |2 thema 
082 0 4 |a 006.3  |2 23 
245 1 0 |a Complex, Intelligent, and Software Intensive Systems  |h [electronic resource] :  |b Proceedings of the 12th International Conference on Complex, Intelligent, and Software Intensive Systems (CISIS-2018) /  |c edited by Leonard Barolli, Nadeem Javaid, Makoto Ikeda, Makoto Takizawa. 
250 |a 1st ed. 2019. 
264 1 |a Cham :  |b Springer International Publishing :  |b Imprint: Springer,  |c 2019. 
300 |a L, 1132 p. 553 illus.  |b online resource. 
336 |a text  |b txt  |2 rdacontent 
337 |a computer  |b c  |2 rdamedia 
338 |a online resource  |b cr  |2 rdacarrier 
347 |a text file  |b PDF  |2 rda 
490 1 |a Advances in Intelligent Systems and Computing,  |x 2194-5357 ;  |v 772 
505 0 |a Home Energy Management using Optimization Techniques -- Hybrid Bacterial Foraging Tabu Search Energy Optimization Technique in Smart Homes -- A Hybrid Tabu-Enhanced Differential Evolution Meta-heuristic Optimization Technique for Demand Side Management in Smart Grid -- Performance Evaluation of WMN-PSOSA Considering Exponential and Weibull Distributions -- CRRP Analysis of Cloud Computing in Smart Grid -- Evaluation of a Protocol to Prevent Malicious Information Flow in P2PPS Systems -- A Fuzzy-based Plant Cultivation Support System -- Performance of WRF Cloud Resolving Simulations with Data Assimilation on Public Cloud and HPC Environments -- Personalized Group Recommendation Model based on Argumentation Topic -- Application of Bird Swarm Algorithm for Solution of Optimal Power Flow Problems. 
520 |a This book provides a platform of scientific interaction between the three challenging and closely linked areas of ICT-enabled-application research and development: software intensive systems, complex systems and intelligent systems. Software intensive systems strongly interact with other systems, sensors, actuators, devices, other software systems and users. More and more domains are using software intensive systems, e.g. automotive and telecommunication systems, embedded systems in general, industrial automation systems and business applications. Moreover, web services offer a new platform for enabling software intensive systems. Complex systems research is focused on the overall understanding of systems rather than their components. Complex systems are characterized by the changing environments in which they interact. They evolve and adapt through internal and external dynamic interactions. The development of intelligent systems and agents, which are increasingly characterized by their use of ontologies and their logical foundations, offer impulses for both software intensive systems and complex systems. Recent research in the field of intelligent systems, robotics, neuroscience, artificial intelligence, and cognitive sciences are vital for the future development and innovation of software intensive and complex systems. 
650 0 |a Computational intelligence. 
650 0 |a Artificial intelligence. 
650 1 4 |a Computational Intelligence.  |0 http://scigraph.springernature.com/things/product-market-codes/T11014 
650 2 4 |a Artificial Intelligence.  |0 http://scigraph.springernature.com/things/product-market-codes/I21000 
700 1 |a Barolli, Leonard.  |e editor.  |4 edt  |4 http://id.loc.gov/vocabulary/relators/edt 
700 1 |a Javaid, Nadeem.  |e editor.  |4 edt  |4 http://id.loc.gov/vocabulary/relators/edt 
700 1 |a Ikeda, Makoto.  |e editor.  |4 edt  |4 http://id.loc.gov/vocabulary/relators/edt 
700 1 |a Takizawa, Makoto.  |e editor.  |4 edt  |4 http://id.loc.gov/vocabulary/relators/edt 
710 2 |a SpringerLink (Online service) 
773 0 |t Springer eBooks 
776 0 8 |i Printed edition:  |z 9783319936581 
776 0 8 |i Printed edition:  |z 9783319936604 
830 0 |a Advances in Intelligent Systems and Computing,  |x 2194-5357 ;  |v 772 
856 4 0 |u https://doi.org/10.1007/978-3-319-93659-8  |z Full Text via HEAL-Link 
912 |a ZDB-2-INR 
950 |a Intelligent Technologies and Robotics (Springer-42732)